01359nam a2200193Ia 4500008004100000020002900041020001500070050001900085100002700104245005100131260004800182300001800230336001000248337001400258338001200272505084700284650001101131650002301142120720s1999 mx 000 0 spa d a9706134174 (colección) a9706134190 aJC11bJ46 19991 aJellinek, Georgeautor aTeoría general del Estadoc / Georg Jellinek aMéxicob: Oxford University Pressc, 1999 a473 páginas atexto asin medio avolumen aEl problema de la doctrina del Estado El método de la doctrina del Estado Historia de la doctrina del Estado Relaciones de la doctrina del Estado con la totalidad de ciencias Doctrina general social del Estado El nombre del Estado De la naturaleza del Estado Las doctrinas sobre la justificación del Estado Doctrina de los fines del Estado Origen y desaparición de los Estados Tipos históricos fundamentales de Estado El Estado y el derecho Teoría general del derecho político Las partes del derecho público Situación jurídica de los elementos del Estado Las propiedades del poder del Estado La Constitución del Estado Los órganos del Estado La representación y los organos representativos Las funciones del Estado La estructura del Estado Las formas del Estado Uniones de Estados Las garantías del derecho público14aESTADO24aCIENCIA POLÍTICA